000 00283nam a22001337a 4500
008 181011b xxu||||| |||| 00| 0 eng d
020 _a9780495385585
041 _aeng
080 _26th
_a510
100 _a36
101 _aMAT
245 _aCalculus
_cStewart,J
942 _2udc
_cBK
999 _c49378
_d49378